000 00617nam a22002297a 4500
008 131130b xxu||||| |||| 00| 0 eng d
024 _cAvailable
037 _cAvailable
040 _aMBSTU LIBRARY
_dMBSTU LIBRARY
082 _222
_a574.5 BEF
100 _aBenton, Allen H.
245 _aField Biology.
250 _a2nd
260 _aNew York
_bNew York
_c1958
300 _a27 cm.
_b499 page
_f1
_g27 cm.
600 _2Ecology.
650 _2Ecology.
700 _aBenton, Allen H.
270 _aNew York
_bNew York
_dUSA
942 _2ddc
_cBK
999 _c906
_d906